Sinh học kì thú T.1

Giới thiệu những hiểu biết về đặc tính của côn trùng, đời sống và các hoạt động của chúng, những phát hiện mới nhất về khả năng đặc biệt của côn trùng, mối quan hệ của côn trùng với môi trường....

Szczegółowa specyfikacja

Zapisane w:
Opis bibliograficzny
1. autor: Vũ, Kim Dũng
Format: Książka
Język:Undetermined
Wydane: H. Giáo dục 2008
Hasła przedmiotowe:
Dostęp online:http://lrc.tdmu.edu.vn/opac/search/detail.asp?aID=2&ID=7784
Etykiety: Dodaj etykietę
Nie ma etykietki, Dołącz pierwszą etykiete!
Thư viện lưu trữ: Trung tâm Học liệu Trường Đại học Thủ Dầu Một
LEADER 00988nam a2200229Ia 4500
001 TDMU_7784
008 210410s9999 xx 000 0 und d
082 |a 595.717 
090 |b V500 
100 |a Vũ, Kim Dũng 
245 0 |a Sinh học kì thú 
245 0 |c Vũ Kim Dũng 
245 0 |n T.1 
245 0 |p Khám phá thế giới côn trùng 
260 |a H. 
260 |b Giáo dục 
260 |c 2008 
300 |a 164 tr. 
520 |a Giới thiệu những hiểu biết về đặc tính của côn trùng, đời sống và các hoạt động của chúng, những phát hiện mới nhất về khả năng đặc biệt của côn trùng, mối quan hệ của côn trùng với môi trường. 
650 |a Sinh học; Động vật  |x Côn trùng 
856 |u http://lrc.tdmu.edu.vn/opac/search/detail.asp?aID=2&ID=7784 
980 |a Trung tâm Học liệu Trường Đại học Thủ Dầu Một